| 000 | 00919nam a2200301 i 4500 | ||
|---|---|---|---|
| 003 | EG-GICUC | ||
| 005 | 20260413190145.0 | ||
| 008 | 260413s1974 nyua|||fr|||| 00| 0 eng d | ||
| 040 |
_aEG-GiCUC _beng _cEG-GiCUC _dEG-GiCUC _erda |
||
| 082 | 0 | 4 |
_221 _a343.375 _bHU . C |
| 092 | 0 | 4 | _221 |
| 099 | _aLaw1 10 343.375 HU . C 1974 | ||
| 100 | 1 |
_aHutnick, Melroy B _eAuthor. |
|
| 245 | 1 | 0 |
_aCriminal Law and Court Procedures / _cMelroy B. Hutnick. |
| 264 | 1 |
_aNew York : _bDelmar, _c1974. |
|
| 300 |
_a180 pages : _billustrations, _c24 cm. |
||
| 336 |
_2rda content _atext |
||
| 337 |
_2rda media _aComputer |
||
| 338 |
_2rda carrier _aOnline Resource |
||
| 500 | _aIndex | ||
| 546 | _aText in English | ||
| 650 | 1 |
_aCriminal trial procedures _2qrmak |
|
| 650 | 1 |
_aCriminal Law _2qrmak |
|
| 651 | 1 | _2qrmak | |
| 856 | 4 | 0 | _uhttps://fll.law.cu.edu.eg/fulltext/bks/B10-08624.pdf |
| 905 | _a54 | ||
| 942 |
_2ddc _cBK _e21 _n0 |
||
| 999 |
_c70644 _d70644 |
||